Daily Capital City Riddle #29 - Statistics

General Stats
  • This quiz has been taken 66 times
  • The average score is 29 of 32
Answer Stats
Type Answer % Correct
Found Letter A
98%
Alphabet Letter O
98%
Alphabet Letter T
98%
Alphabet Letter G
96%
Alphabet Letter I
96%
Alphabet Letter N
96%
Found Letter R
96%
Alphabet Letter B
95%
Found Letter C
95%
Alphabet Letter D
95%
Alphabet Letter S
95%
Alphabet Letter U
95%
Alphabet Letter E
93%
Alphabet Letter H
93%
Alphabet Letter M
93%
Alphabet Letter P
93%
Correctly Placed Letter R
91%
Alphabet Letter W
91%
Alphabet Letter K
89%
Alphabet Letter L
89%
Alphabet Letter Y
89%
Alphabet Letter J
88%
Alphabet Letter Q
88%
Alphabet Letter V
88%
Correctly Placed Letter A
86%
Correctly Placed Letter A
84%
Alphabet Letter F
84%
Alphabet Letter X
84%
Alphabet Letter Z
84%
Mystery Capital Accra
80%
Correctly Placed Letter C
80%
Correctly Placed Letter C
80%
No matching quizzes found
Score Distribution
Percent of People with Each Score
Percentile by Number Answered
Your Score History
You have not taken this quiz